| 000 | 03092nam0a2200457 4500 | ||
|---|---|---|---|
| 001 | RU\NLR\BIBL_A\011253477 | ||
| 005 | 20250626033729.0 | ||
| 020 |
_aRU _9От Февраля к Октябрю: коллекция листовок/Рос. нац. б-ка |
||
| 035 | _a(NLR Aleph) 011253477 | ||
| 090 |
_a12179878 _c12179878 |
||
| 100 | _a20161026j19170327|||y0rusy50 ca | ||
| 101 | 0 | _arus | |
| 102 | _aRU | ||
| 105 | _ay z 000yy | ||
| 135 | _acrcn 024apada | ||
| 200 | 1 |
_aГраждане! Грозненский Гражданский Комитет и Совет Рабочих, Солдатских и Казачьих Депутатов, взяв на себя труд и заботы по закреплению свободного строя ... _e[листовка] |
|
| 210 |
_a[Грозный, Терская обл. _cб. и.] _d1917, 27 марта |
||
| 215 |
_a[1] л. _d35x21 |
||
| 300 | _aПодпись: Соединенное бюро Гражданского Комитета и Совета Рабочих, Солдатских и Казачьих Депутатов | ||
| 300 | _aКоллекция листовок "От Февраля к Октябрю" (1 экз.) | ||
| 316 |
_aВклеена в паспарту _5NLR |
||
| 325 | 1 | _aКопия доступна в Электронной библиотеке РНБ | |
| 327 | 1 | _aПризыв пожертвовать средства на нужды Грозненского гражданского комитета | |
| 517 | 1 | _aГрозненский Гражданский Комитет и Совет Рабочих, Солдатских и Казачьих Депутатов, взяв на себя труд и заботы по закреплению свободного строя ... | |
| 540 | 1 | _aПризыв пожертвовать средства на нужды Грозненского гражданского комитета | |
| 540 | 1 |
_aОт Февраля к Октябрю _eлистовки |
|
| 607 |
_aРоссия _jЛистовки _xИстория _z1917 _92250871 _3RU\NLR\AUTH\661350120 |
||
| 686 | 0 | _aТ3(2)524.2,011 | |
| 686 | 0 | _aТ3(2)711.19-536,011 | |
| 711 | 0 | 2 |
_aГрозненский гражданский комитет _9527411 _3RU\NLR\AUTH\880431533 |
| 711 | 0 | 2 |
_aГрозненский Совет рабочих, солдатских и казачьих депутатов _9392196 _3RU\NLR\AUTH\880362573 |
| 712 | 0 | 2 |
_aГрозненский гражданский комитет _bСоединенное бюро _9535240 _3RU\NLR\AUTH\880435440 |
| 712 | 0 | 2 |
_aГрозненский совет рабочих, солдатских и казачьих депутатов _bСоединенное бюро _9535241 _3RU\NLR\AUTH\880435441 |
| 852 | 0 | 0 |
_aNLR _bФл _jXII/10 |
| 942 | _cBOOK | ||
| 980 | _aNB | ||
| 981 | 4 | 2 |
_a(42) 1917: от Февраля к Октябрю _b(42) Листовки 1917 года |